United Kingdom Geography by Letter O - Picture Quiz - Statistics

General Stats
  • This quiz has been taken 265 times
    189 since last reset
  • The average score is 8 of 15
Answer Stats
Picture Hint Answer % Correct
University City Oxford
100%
Island Group {Orkney} Islands
93%
Entertainment Venue {O2} Arena
79%
1st Monopoly Property {Old} {Kent} Road
70%
Northernmost Point {Out} Stack
68%
Island Group {Outer} {Hebrides}
65%
Sports Venue {Old} {Trafford}
63%
Rock Stack {Old} {Man} of Hoy
50%
Highland Port Town Oban
46%
Border Feature {Offa's} Dyke
46%
N.I. Town Omagh
38%
Former Royal Residence {Osborne} House
34%
Welsh Headland Great {Orme}
27%
Cheshire Motor Racing Circuit {Oulton} Park
26%
Overseas Territory (part of Pitcairn) {Oeno} Island
4%
No matching quizzes found
Score Distribution
Percent of People with Each Score
Percentile by Number Answered
Your Score History
You have not taken this quiz since the last reset